Loading...
| Mythology | 0 | 8 | 2 | 1 | 70 | 60 | 93.38 | 5 | 8 |
| Science - Biology | 0 | 6 | 2 | 3 | 50 | 97 | 115.17 | 1 | 6 |
| Science - Physics | 0 | 5 | 1 | 2 | 45 | 106 | 122.40 | 0 | 5 |
| Literature - World Literature | 0 | 4 | 0 | 0 | 40 | 103 | 126.50 | 2 | 4 |
| Religion | 0 | 4 | 0 | 1 | 40 | 92 | 112.25 | 2 | 4 |
| Fine Arts - Other Fine Arts | 0 | 4 | 1 | 0 | 35 | 79 | 114.50 | 0 | 4 |
| Fine Arts - Classical Music | 0 | 3 | 0 | 2 | 30 | 125 | 130.33 | 1 | 3 |
| History - World History | 0 | 2 | 0 | 0 | 20 | 82 | 84.00 | 1 | 2 |
| Fine Arts - Painting and Sculpture | 0 | 2 | 0 | 0 | 20 | 125 | 129.50 | 1 | 2 |
| History - Other History | 0 | 2 | 0 | 0 | 20 | 106 | 108.50 | 2 | 2 |
| Philosophy | 0 | 2 | 0 | 0 | 20 | 103 | 119.00 | 0 | 2 |
| Science - Chemistry | 0 | 2 | 1 | 0 | 15 | 106 | 112.50 | 1 | 2 |
| Literature - American Literature | 0 | 1 | 0 | 0 | 10 | 132 | 132.00 | 0 | 1 |
| Current Events | 0 | 1 | 0 | 0 | 10 | 76 | 76.00 | 0 | 1 |
| History - European History | 0 | 1 | 0 | 0 | 10 | 113 | 113.00 | 1 | 1 |
| Science - Other Science | 0 | 1 | 0 | 0 | 10 | 92 | 92.00 | 0 | 1 |
| Literature - British Literature | 0 | 1 | 0 | 0 | 10 | 142 | 142.00 | 0 | 1 |
| Social Science | 0 | 1 | 1 | 0 | 5 | 99 | 99.00 | 1 | 1 |
| History - American History | 0 | 1 | 1 | 0 | 5 | 87 | 87.00 | 0 | 1 |
| Literature - European Literature | 0 | 1 | 1 | 0 | 5 | 95 | 95.00 | 1 | 1 |